Statistics for Квиз о Италији

Click here to take the quiz!

General Stats

  • This quiz has been taken 623 times
  • The average score is 20 of 30

Answer Stats

ОписОдговор% Correct
Граничне земљеШвајцарска
90%
Граничне земљеСловенија
90%
Граничне земљеФранцуска
89%
Највећа острваСицилија
88%
Град познат по кривом торњуПиза
88%
Оснивачи РимаРомул
88%
Модна престоницаМилано
88%
Оснивачи РимаРем
87%
Град познат по каналимаВенеција
84%
Граничне земљеАустрија
83%
Најдужа рекаПо
80%
Највећа острваСардинија
80%
Највиши вулканЕтна
79%
Граничне земљеВатикан
78%
Граничне земљеСан Марино
76%
Сликар Сикстинске капелеМикеланђело
74%
Ренесансни човек, изумитељ, сликар...Леонардо да Винчи
73%
Вулкан који је уништио ПомпејуВезув
70%
Пица води порекло из овог градаНапуљ
68%
Главни град ТосканеФиренца
61%
Фудбалска прва лигаСерија А
57%
Валута пре 2002. годинеЛира
55%
Град домаћин зимске олимпијаде 2006.Торино
54%
Отац астрономијеГалилео Галилеј
48%
Први римски царАвгуст
46%
Надимак РимаВечни Град
44%
Познати произвођач виолина, умро 1737.Антонио Страдивари
37%
Назив Папине гардеШвајцарска Гарда
23%
Радио пионирГуљелмо Маркони
10%
Највиши врхМонте Бјанко
9%

Score Distribution

Percentile by Number Answered

Percent of People with Each Score

Your Score History

You have not taken this quiz